header

Energy in a changing climate (Record no. 98269)

MARC details
000 -LEADER
fixed length control field 01324nam a2200349Ia 4500
082 04 - DEWEY DECIMAL CLASSIFICATION NUMBER
Classification number 333.794
100 1# - MAIN ENTRY--AUTHOR NAME
Personal name Nicholson, Martin.
245 10 - TITLE STATEMENT
Title Energy in a changing climate
260 ## - PUBLICATION, DISTRIBUTION, ETC. (IMPRINT)
Place of publication Dural Delivery Centre, N.S.W. :
Name of publisher Rosenberg,
Year of publication 2009.
300 ## - PHYSICAL DESCRIPTION
Number of Pages 232 p. :
Other physical details ill.
650 #0 - SUBJECT ADDED ENTRY--TOPICAL TERM
Topical Term Renewable energy sources.
Topical Term Energy consumption
Topical Term Power resources
Topical Term Pollution prevention.
856 40 - ELECTRONIC LOCATION AND ACCESS
Uniform Resource Identifier http://site.ebrary.com/lib/rucke/Doc?id=10601771

No items available.

© 2026 Rongo University
Contact us: librarian | system librarian | Rongo university